Podział administracyjny państw Europy - Statystyki

Ogólne statystyki
  • Ten quiz został rozwiązany 5 razy
  • Średni wynik to 15 z 101
Statystyki odpowiedzi
Kraj Jednostki podziału % Poprawnych
Gminy
75%
Powiaty
75%
Polska Województwa
75%
Gminy
50%
Gminy
50%
Szwajcaria Kantony
50%
Niemcy Kraje Związkowe (Landy)
50%
Andora Parafie
50%
Holandia Prowincje
50%
Włochy Regiony
50%
Gminy
25%
Gminy
25%
Gminy
25%
Gminy
25%
Gminy
25%
Gminy
25%
Gminy
25%
Gminy
25%
Gminy
25%
Gminy
25%
Gminy
25%
Gminy
25%
Gminy
25%
Gminy
25%
Szkocja Hrabstwa
25%
Walia Hrabstwa
25%
Bośnia i Herzegowina Kantony
25%
Węgry Komitaty
25%
Czechy Kraje
25%
Słowacja Kraje
25%
Austria Kraje Związkowe (Landy)
25%
Białoruś Obwody
25%
Norwegia Okręgi
25%
Okręgi
25%
Serbia Okręgi
25%
Powiaty
25%
Powiaty
25%
Powiaty
25%
Hiszpania Prowincje
25%
Prowincje
25%
Francja Regiony
25%
Szwecja Regiony
25%
Finlandia Regiony
25%
Rejony
25%
Chorwacja Żupanie
25%
Grecja Administracje zdecentralizowane
0%
Departamenty
0%
Gminy
0%
Dystrykty
0%
Irlandia Północna Dystrykty
0%
Portugalia Dystrykty
0%
Gminy
0%
Gminy
0%
Gminy
0%
Gminy
0%
Gminy
0%
Gminy
0%
Gminy
0%
Gminy
0%
Słowenia Gminy
0%
Gminy
0%
Czarnogóra Gminy
0%
Gminy
0%
Macedonia Północna Gminy
0%
Gminy
0%
Gminy
0%
Gminy
0%
Gminy
0%
Hrabstwa
0%
Hrabstwa
0%
Kantony
0%
Luksemburg Kantony
0%
Łotwa Novadsy
0%
Albania Obwody
0%
Bulgaria Obwody
0%
Okręgi
0%
Okręgi
0%
Okręgi
0%
Litwa Okręgi
0%
Islandia Okręgi Wyborcze
0%
Monako Osiedla
0%
Pagastsy
0%
Podregiony
0%
Powiaty
0%
Prowincje
0%
Estonia Prowincje
0%
Irlandia Prowincje (Cúigí)
0%
Malta Rady lokalne
0%
Regiony
0%
Anglia Regiony
0%
Belgia Regiony
0%
Dania Regiony
0%
Liechtenstein Regiony
0%
Republika Serbska Regiony
0%
Kosowo Regiony
0%
Regiony
0%
Rumunia Regiony rozwoju
0%
Mołdawia Rejony
0%
Rejony
0%
Wspólnoty międzygminne
0%
San Marino Zamki
0%
Nie znaleziono quizów pasujących do podanych kryteriów
Rozkład punktacji
Procent ludzi z każdym wynikiem
Percentyl według liczby udzielonych odpowiedzi
Twoja historia wyników
Nie rozwiązałeś tego quizu